| 000 | 00723nam a2200217 i 4500 | ||
|---|---|---|---|
| 001 | bg | ||
| 100 | 1 | _aMOSZYŃSKI, Michał | |
| 245 | 1 | 0 |
_aNietypowe formy zatrudnienia w Republice Federalnej Niemiec / _cMichał Moszyński. |
| 260 |
_aToruń : _bTowarzystwo Naukowe Organizacji i Kierownictwa "Dom Organizatora", _c2004. |
||
| 300 |
_a280 s. : _bwykr. ; _c24 cm. |
||
| 504 | _aBibliogr. | ||
| 650 | 9 |
_aZatrudnienie _zNiemcy (Republika Federalna) _yod 1989 r. |
|
| 020 | _a8372851980 | ||
| 040 | _cBPK | ||
| 041 | 0 | _apol | |
| 080 | _a331.5(430) | ||
| 920 | _a83-7285-198-0 | ||
| 942 | _cKS | ||
| 008 | s pl f |000 0 pol | ||
| 999 |
_c45401 _d45401 |
||
| 856 |
_uhttp://koha.tu.koszalin.pl/cgi-bin/koha/opac-detail.pl?biblionumber=45401 _yKatalog online BPK |
||